000 004950000a22001930004500
999 _c49109
_d49109
001 1958
003 CO-MdFUSB
005 20180503131854.0
008 180503b xxu||||| |||| 00| 0 eng d
020 _a84-246-0782-1
040 _cCO-MdBIC
082 0 4 _a056 Ar6d12
100 1 _aAránega, Susana
245 1 0 _aLas Abejas / Susana Aránega ; Joan Portell ; Edición Núria González
260 _aBarcelona : La Galera
300 _a31 p.
650 1 4 _aTextos documentales
942 _cLGB